000 00459nam a2200181Ia 4500
001 19027
005 20260306171713.0
008 260306s9999||||xx |||||||||||||| ||und||
041 _aESP
082 _a658.8
_bA69C
100 _aArellano Cueva, Rolando
_eAUT
245 0 _aBueno bonito y barato:
_baprendiendo marketing con historias de la vida diaria
260 _c2008
300 _a
_c
650 _aGEN
654 _aCAN
942 _cLIB
_dJUS
_fJUS
_2ddc
_n
999 _c19027
_d19027